European Parliament Political Groups - Statistics

General Stats
  • This quiz has been taken 78 times
  • The average score is 6 of 8
Answers on the Map
Answers color-coded by a green-red scale on the quiz's map according to % correct below.
 
Answer Stats
Political Group % Correct
Progressive Alliance of Socialists and Democrats
94%
Greens/European Free Alliance
93%
Renew Europe
88%
European Conservatives and Reformists
83%
The Left
81%
European People's Party
72%
Non-Inscrits
52%
Identity and Democracy
51%
No matching quizzes found
Score Distribution
Percent of People with Each Score
Percentile by Number Answered
Your Score History
You have not taken this quiz